LOS QUE SE QUEDARON (HISTORIA DE LOS GRUPOS ETNICOS DE LOS ESTADOS UNIDOS) /
TRADUCCION DE: THEY ALL CHOSE AMERICA
Tallennettuna:
| Päätekijä: | |
|---|---|
| Aineistotyyppi: | Kirja |
| Sarja: | NOVA-MEX ;
210 |
| Aiheet: | |
| Tagit: |
Ei tageja, Lisää ensimmäinen tagi!
|
MARC
| LEADER | 00000nam^a2200000^a^4500 | ||
|---|---|---|---|
| 001 | 000244058 | ||
| 005 | 20250521000000.0 | ||
| 009 | 20260310105400.794 | ||
| 035 | |a 068030 | ||
| 037 | |a Acervo Xavier Clavigero | ||
| 082 | |a 305. 8 |b MAI | ||
| 100 | |a Maisel, Albert Q. |e (autor) | ||
| 245 | 1 | 4 | |a LOS QUE SE QUEDARON (HISTORIA DE LOS GRUPOS ETNICOS DE LOS ESTADOS UNIDOS) / |c ALBERT Q. MAISEL ; TR. MARGO GLANTZ |
| 264 | |a MEXICO : |b NOVARO, |c 1963 | ||
| 300 | |a 381 p. | ||
| 336 | |a texto |b txt |2 rdacontenido | ||
| 337 | |a sin mediación |b n |2 rdamedio | ||
| 338 | |a volumen |b nc |2 rdasoporte | ||
| 440 | |a NOVA-MEX ; |v 210 | ||
| 520 | |a TRADUCCION DE: THEY ALL CHOSE AMERICA | ||
| 649 | |a XX | ||
| 650 | |a TIPOS ETNICOS. | ||
| 650 | |a Estadística Vital - |z EUA | ||
| 910 | |a Fondo General | ||
| 920 | |a Impresos - Libros | ||
| 930 | |a Colección General | ||
| 905 | |a 101 | ||
| 901 | |a 068030 |b IT1 |c ACC |i 068030 |u 20250521 | ||
| 902 | |a https://opac.biblio.iteso.mx/vufind/Record/000244058 | ||